| 000 | 00000nam##2200000za#4500 |
| 001 | 9.637684 |
| 003 | CaOODSP |
| 005 | 20250611103547 |
| 007 | cr ||||||||||| |
| 008 | 150407|1997||||xxc|||||o f|0| 0 fre|d |
| 040 | |aCaOODSP|bfre |
| 043 | |an-cn--- |
| 086 | 1 |aA22-166/1-1997F-PDF |
| 110 | 1 |aCanada. |bAgriculture et agroalimentaire Canada. |
| 245 | 10|aAgriculture en harmonie avec la nature : |h[ressource électronique]|bstratégie pour un environnement agricole et agroalimentaire durable au Canada |
| 260 | |aOttawa - Ontario : |bAgriculture et Agroalimentaire Canada |cc1997. |
| 300 | |a86p.|bcarte en couleur, graphique, photographies |
| 500 | |a«La présente stratégie offre aux décideurs du secteur et du Ministère les outils et l'information dont ils ont besoin pour que le secteur agroalimentaire canadien connaisse une croissance soutenue grâce à l'excellence de sa fiche environnementale.»--Résumé. |
| 500 | |aLe n° de catalogue (A22-166/1-1997F) et l'ISBN (0-662-81826-1) copiés dans cette publication PDF sont incorrects. |
| 520 | 3 |aLa présente stratégie offre aux décideurs du secteur et du Ministère les outils et l'information dont ils ont besoin pour que le secteur agroalimentaire canadien connaisse une croissance soutenue grâce à l'excellence de sa fiche environnementale.--Résumé |
| 590 | |a10-05-Supp|b2010-07-20 |
| 691 | 07|aIndustrie agro-alimentaire|2gcpds |
| 775 | 08|tAgriculture in harmony with nature : |w(CaOODSP)9.693506 |
| 776 | 0#|tAgriculture en harmonie avec la nature: stratégie pour un environnement agricole et agroalimentaire durable au Canada |w(CaOODSP)9.680025 |
| 856 | 40|ahttp://publications.gc.ca|qPDF|s3257 Ko|uhttps://publications.gc.ca/collections/Collection/A22-166-1-1997F.pdf |